<?xml version="1.0" encoding="UTF-8"?>
<record
    xmlns:xsi="http://www.w3.org/2001/XMLSchema-instance"
    xsi:schemaLocation="http://www.loc.gov/MARC21/slim http://www.loc.gov/standards/marcxml/schema/MARC21slim.xsd"
    xmlns="http://www.loc.gov/MARC21/slim">

  <leader>01001nam a2200265 a 4500</leader>
  <controlfield tag="003">DO-SdBNP</controlfield>
  <controlfield tag="005">20221116140051.0</controlfield>
  <controlfield tag="007">ta</controlfield>
  <controlfield tag="008">221116e2022    dr ao||gr|||| 001 0 spa d</controlfield>
  <datafield tag="020" ind1=" " ind2=" ">
    <subfield code="a">9789945935905</subfield>
  </datafield>
  <datafield tag="040" ind1=" " ind2=" ">
    <subfield code="a">DO-SdBNP</subfield>
    <subfield code="b">spa</subfield>
    <subfield code="c">BNPHU</subfield>
  </datafield>
  <datafield tag="082" ind1=" " ind2="4">
    <subfield code="2">22</subfield>
    <subfield code="b">N124a</subfield>
  </datafield>
  <datafield tag="100" ind1="1" ind2=" ">
    <subfield code="9">23142</subfield>
    <subfield code="a">Nacidit-Perdomo, Ylonka</subfield>
  </datafield>
  <datafield tag="245" ind1="1" ind2="3">
    <subfield code="a">La alta costura tambi&#xE9;n tiene sus musas. /</subfield>
    <subfield code="c">Ylonka Nacidit-Perdomo.</subfield>
  </datafield>
  <datafield tag="260" ind1=" " ind2=" ">
    <subfield code="a">Santo Domingo :</subfield>
    <subfield code="b">Encajes La Rosario,</subfield>
    <subfield code="c">2022</subfield>
  </datafield>
  <datafield tag="300" ind1=" " ind2=" ">
    <subfield code="a">41 p. :</subfield>
    <subfield code="b">il., fotogr. ;</subfield>
    <subfield code="c">23 cm.</subfield>
  </datafield>
  <datafield tag="500" ind1=" " ind2=" ">
    <subfield code="a">Incluye notas p. 41</subfield>
  </datafield>
  <datafield tag="505" ind1=" " ind2=" ">
    <subfield code="a">Un reto para un inicio. /</subfield>
    <subfield code="r">Vicky J&#xE1;quez.--</subfield>
    <subfield code="t">La alta costura tambi&#xE9;n tiene su investigadora. /</subfield>
    <subfield code="r">Pedro Antonio Valdez.--</subfield>
    <subfield code="t">La alta costura tambi&#xE9;n tiene sus musas.</subfield>
  </datafield>
  <datafield tag="590" ind1=" " ind2=" ">
    <subfield code="a">Inventariado 2022 / MF</subfield>
  </datafield>
  <datafield tag="650" ind1=" " ind2="4">
    <subfield code="9">36989</subfield>
    <subfield code="a">Costura</subfield>
    <subfield code="x">Rep&#xFA;blica Dominicana</subfield>
  </datafield>
  <datafield tag="650" ind1=" " ind2=" ">
    <subfield code="9">22271</subfield>
    <subfield code="a">Moda</subfield>
    <subfield code="x">Rep&#xFA;blica Dominicana</subfield>
  </datafield>
  <datafield tag="710" ind1="2" ind2=" ">
    <subfield code="a">Instituto T&#xE9;cnico Superior Mercy J&#xE1;quez, Rep&#xFA;blica Dominicana</subfield>
    <subfield code="9">82836</subfield>
  </datafield>
  <datafield tag="910" ind1=" " ind2=" ">
    <subfield code="a">MFeliz</subfield>
  </datafield>
  <datafield tag="942" ind1=" " ind2=" ">
    <subfield code="2">ddc</subfield>
    <subfield code="c">LF2</subfield>
  </datafield>
  <datafield tag="952" ind1=" " ind2=" ">
    <subfield code="0">0</subfield>
    <subfield code="1">0</subfield>
    <subfield code="2">ddc</subfield>
    <subfield code="5">1</subfield>
    <subfield code="7">0</subfield>
    <subfield code="8">PD</subfield>
    <subfield code="a">BNPHU</subfield>
    <subfield code="b">BNPHU</subfield>
    <subfield code="c">CT</subfield>
    <subfield code="d">2022-02-17</subfield>
    <subfield code="e">Dep&#xF3;sito Legal / Instituto Superior Mercy J&#xE1;quez</subfield>
    <subfield code="l">0</subfield>
    <subfield code="o">N124a</subfield>
    <subfield code="p">2022-5437</subfield>
    <subfield code="r">2022-11-16</subfield>
    <subfield code="w">2022-11-16</subfield>
    <subfield code="y">LF2</subfield>
  </datafield>
  <datafield tag="952" ind1=" " ind2=" ">
    <subfield code="0">0</subfield>
    <subfield code="1">0</subfield>
    <subfield code="2">ddc</subfield>
    <subfield code="5">1</subfield>
    <subfield code="7">0</subfield>
    <subfield code="8">PD</subfield>
    <subfield code="a">BNPHU</subfield>
    <subfield code="b">BNPHU</subfield>
    <subfield code="c">CT</subfield>
    <subfield code="d">2022-02-17</subfield>
    <subfield code="e">Dep&#xF3;sito Legal / Instituto Superior Mercy J&#xE1;quez</subfield>
    <subfield code="l">0</subfield>
    <subfield code="o">N124a</subfield>
    <subfield code="p">2022-5438</subfield>
    <subfield code="r">2022-11-16</subfield>
    <subfield code="t">e.2</subfield>
    <subfield code="w">2022-11-16</subfield>
    <subfield code="y">LF2</subfield>
  </datafield>
  <datafield tag="952" ind1=" " ind2=" ">
    <subfield code="0">0</subfield>
    <subfield code="1">0</subfield>
    <subfield code="2">ddc</subfield>
    <subfield code="5">6</subfield>
    <subfield code="7">0</subfield>
    <subfield code="8">DS</subfield>
    <subfield code="a">BNPHU</subfield>
    <subfield code="b">BNPHU</subfield>
    <subfield code="c">CT</subfield>
    <subfield code="d">2022-02-17</subfield>
    <subfield code="e">Dep&#xF3;sito Legal / Instituto Superior Mercy J&#xE1;quez</subfield>
    <subfield code="l">0</subfield>
    <subfield code="o">N124a</subfield>
    <subfield code="p">2022-5439</subfield>
    <subfield code="r">2022-11-16</subfield>
    <subfield code="t">e.3</subfield>
    <subfield code="w">2022-11-16</subfield>
    <subfield code="y">LF2</subfield>
  </datafield>
  <datafield tag="999" ind1=" " ind2=" ">
    <subfield code="c">52955</subfield>
    <subfield code="d">52955</subfield>
  </datafield>
</record>
